Names Mentioned in Taylor Swift Songs - Statistics

General Stats
  • This quiz has been taken 44 times
  • The average score is 19 of 60
Answer Stats
Answers % Correct
Betty
76%
James
76%
James Taylor
69%
Tim McGraw
66%
Chloe
62%
Marcus
62%
Sam
62%
Sophia
62%
Dorothea
59%
Inez
59%
John
59%
Marjorie
59%
Mary
59%
Peter
59%
Abigail
55%
Cassandra
55%
Clara Bow
55%
Emma
45%
Robin
45%
Ronan
45%
Aimee
41%
Jack
41%
Juliet
41%
Romeo
41%
Taylor Swift
41%
Stevie Nicks
38%
James Dean
34%
Lucy
34%
Burton
31%
Rebekah
31%
Stephen
31%
Bill
28%
Charlie Puth
28%
Corey
24%
Este
24%
Bonnie
21%
Clyde
21%
Dylan Thomas
21%
Patti Smith
21%
Drake
17%
Hannah
17%
Sarah
17%
Dali
14%
Janet
14%
Wendy
14%
Bobby
10%
Daisy May
10%
Leo
10%
Gatsby
7%
Wordsworth
7%
Cleopatra
3%
Midas
3%
Snow White
3%
Springsteen
3%
Stella McCartney
3%
Superman
3%
Archilles
0%
Drew Hardwick
0%
Jesus Christ
0%
Kens
0%
No matching quizzes found
Score Distribution
Percent of People with Each Score
Percentile by Number Answered
Your Score History
You have not taken this quiz